[Event "Oberliga Ost-B 1819"]
[Site "Germany"]
[Date "2018.11.10"]
[Round "2.2"]
[White "Geske, Julian"]
[Black "Hebbering, Tom Elliot"]
[Result "1/2-1/2"]
[WhiteElo "2378"]
[BlackElo "2194"]
[PlyCount "98"]
[EventDate "2018.10.21"]
[EventType "team-tourn"]
[EventRounds "11"]
[EventCountry "GER"]
[SourceTitle "EXT 2020"]
[Source "ChessBase"]
[SourceDate "2019.10.17"]
[SourceVersion "1"]
[SourceVersionDate "2019.10.17"]
[SourceQuality "1"]
[WhiteTeam "Wiesbaden"]
[BlackTeam "Gernsheim"]
[WhiteTeamCountry "GER"]
[BlackTeamCountry "GER"]

1. d4 d5 2. c4 c6 3. Nf3 Nf6 4. e3 Bf5 5. Nc3 e6 6. Nh4 Bg6 7. Be2 Nbd7 8. Bd2 Be7 9. Nxg6 hxg6 10. Qb3 Qb6 11. 0-0 Qxb3 12. axb3 0-0 13. Rac1 Rfd8 14. Rfd1 Rac8 15. Bf3 Bb4 16. Ra1 a6 17. Nxd5 Nxd5 18. cxd5 Bxd2 19. dxe6 Bb4 20. exd7 Rxd7 21. Bg4 f5 22. Be2 Kf7 23. g3 Kf6 24. Kg2 g5 25. g4 g6 26. h3 Re8 27. Kf3 Bd6 28. Bd3 Rh7 29. Rh1 Bc7 30. Rac1 Bd6 31. Bc4 Reh8 32. gxf5 Rxh3+ 33. Rxh3 Rxh3+ 34. Kg2 Rh2+ 35. Kg1 gxf5 36. Bxa6 bxa6 37. Rxc6 Ke7 38. Rxd6 Rxf2 39. Rg6 Rf3 40. Rxg5 Rxe3 41. Rxf5 Rxb3 42. Kf2 Rxb2+ 43. Ke3 Rb5 44. Rf1 a5 45. Rh1 a4 46. Rh7+ Kd6 47. Ra7 Kd5 48. Rxa4 Rb3+ 49. Ke2 Rh3 1/2-1/2

[Event "Oberliga Ost-B 1819"]
[Site "Germany"]
[Date "2018.10.21"]
[Round "1.2"]
[White "Braun, Vitali"]
[Black "Hebbering, Tom Elliot"]
[Result "1/2-1/2"]
[WhiteElo "2388"]
[BlackElo "2194"]
[PlyCount "80"]
[EventDate "2018.10.21"]
[EventType "team-tourn"]
[EventRounds "11"]
[EventCountry "GER"]
[SourceTitle "EXT 2020"]
[Source "ChessBase"]
[SourceDate "2019.10.17"]
[SourceVersion "1"]
[SourceVersionDate "2019.10.17"]
[SourceQuality "1"]
[WhiteTeam "Griesheim II"]
[BlackTeam "Gernsheim"]
[WhiteTeamCountry "GER"]
[BlackTeamCountry "GER"]

1. d4 d5 2. c4 c6 3. Nf3 Nf6 4. e3 Bg4 5. Nbd2 e6 6. Bd3 Nbd7 7. 0-0 Bd6 8. Qc2 Bh5 9. b3 Bg6 10. Bb2 0-0 11. Ne5 Bxd3 12. Qxd3 Be7 13. Rfd1 Qc7 14. Rac1 Rfd8 15. Nef3 Rac8 16. e4 Nc5 17. dxc5 dxe4 18. Qe3 exf3 19. Nxf3 Rxd1+ 20. Rxd1 Rd8 21. Rxd8+ Qxd8 22. Bd4 Qa5 23. Qd2 Qxd2 24. Nxd2 Nd7 25. b4 a5 26. a3 e5 27. Bc3 axb4 28. axb4 f6 29. Nb3 Bd8 30. Kf1 Kf7 31. Ke2 Ke6 32. Kd3 g6 33. f3 f5 34. Bd2 g5 35. Bc3 h5 36. h3 h4 37. Bd2 Kf7 38. Bc3 Ke6 39. Bd2 Kf6 40. Bc3 Ke6 1/2-1/2

[Event "Oberliga Ost-B 1718"]
[Site "Germany"]
[Date "2018.02.03"]
[Round "6.4"]
[White "Diyap, Murat"]
[Black "Hebbering, Tom Elliot"]
[Result "0-1"]
[WhiteElo "2093"]
[BlackElo "2181"]
[PlyCount "84"]
[EventDate "2017.10.22"]
[EventType "team-tourn"]
[EventRounds "11"]
[EventCountry "GER"]
[SourceTitle "EXT 2019"]
[Source "ChessBase"]
[SourceDate "2018.10.10"]
[SourceVersion "1"]
[SourceVersionDate "2018.10.10"]
[SourceQuality "1"]
[WhiteTeam "Frankfurt TV"]
[BlackTeam "Gernsheim"]
[WhiteTeamCountry "GER"]
[BlackTeamCountry "GER"]

1. e4 c5 2. Nf3 e6 3. d4 cxd4 4. Nxd4 Nc6 5. Nc3 Qc7 6. g3 a6 7. Bg2 Nf6 8. 0-0 Nxd4 9. Qxd4 Bc5 10. Qd3 d6 11. Bf4 h6 12. Rad1 e5 13. Bc1 Be6 14. Nd5 Nxd5 15. exd5 Bd7 16. Kh1 f5 17. b3 0-0 18. Bb2 b5 19. Qe2 b4 20. Rfe1 Qb6 21. f4 e4 22. c4 bxc3 23. Bxc3 Bb5 24. Qb2 Rf7 25. Bf1 Bf2 26. Bd4 Bxd4 27. Qxd4 Qxd4 28. Rxd4 Bxf1 29. Rxf1 Rc7 30. Rf2 a5 31. g4 e3 32. Re2 fxg4 33. Kg2 Re8 34. Kg3 h5 35. f5 Re5 36. Kh4 Rxf5 37. Rd3 Re7 38. Rdxe3 Rxe3 39. Rxe3 Rxd5 40. Re8+ Kf7 41. Rb8 Kg6 42. Kg3 Kg5 0-1

[Event "Heusenstamm Sparkassen op-A 4th"]
[Site "Heusenstamm"]
[Date "2017.11.25"]
[Round "5"]
[White "Skarke, Harald"]
[Black "Hebbering, Tom Elliot"]
[Result "0-1"]
[WhiteElo "1988"]
[BlackElo "2184"]
[PlyCount "64"]
[EventDate "2017.11.23"]
[EventType "swiss"]
[EventRounds "7"]
[EventCountry "GER"]
[SourceTitle "EXT 2019"]
[Source "ChessBase"]
[SourceDate "2018.10.10"]
[SourceVersion "1"]
[SourceVersionDate "2018.10.10"]
[SourceQuality "1"]

1. e4 c5 2. d3 Nc6 3. f4 d5 4. e5 h5 5. Be2 g6 6. Nc3 Nh6 7. Nf3 Bg4 8. 0-0 e6 9. h3 Bxf3 10. Bxf3 Nd4 11. Ne2 Nxf3+ 12. Rxf3 Nf5 13. c3 h4 14. Qa4+ Qd7 15. Qxd7+ Kxd7 16. Bd2 Be7 17. Rff1 b5 18. b3 Rhb8 19. Rfb1 Bd8 20. Kf2 a6 21. Kf3 Be7 22. Kf2 Rc8 23. Rc1 c4 24. d4 cxb3 25. axb3 a5 26. Ra2 a4 27. b4 Rg8 28. Ng1 Rac8 29. Nf3 Ng3 30. Be1 Bxb4 31. Rb1 Bxc3 32. Bxc3 Ne4+ 0-1

[Event "Heusenstamm Sparkassen op-A 4th"]
[Site "Heusenstamm"]
[Date "2017.11.24"]
[Round "3"]
[White "Englert, Jon"]
[Black "Hebbering, Tom Elliot"]
[Result "0-1"]
[WhiteElo "2002"]
[BlackElo "2184"]
[PlyCount "56"]
[EventDate "2017.11.23"]
[EventType "swiss"]
[EventRounds "7"]
[EventCountry "GER"]
[SourceTitle "EXT 2019"]
[Source "ChessBase"]
[SourceDate "2018.10.10"]
[SourceVersion "1"]
[SourceVersionDate "2018.10.10"]
[SourceQuality "1"]

1. e4 c5 2. Nf3 e6 3. d3 Nc6 4. g3 d5 5. Nbd2 Nf6 6. Bg2 Be7 7. 0-0 b6 8. Re1 Bb7 9. Nf1 dxe4 10. dxe4 Qxd1 11. Rxd1 Nxe4 12. Bf4 Nf6 13. Ne5 Nd5 14. Bxd5 exd5 15. Rxd5 Nd4 16. Ne3 f6 17. Rd7 Be4 18. Nd5 Bxd5 19. Rxd5 fxe5 20. Bxe5 Nf3+ 21. Kg2 Nxe5 22. Rxe5 Kf7 23. c4 Bf6 24. Re2 Rhe8 25. Rae1 Rxe2 26. Rxe2 Re8 27. Rd2 Rd8 28. Re2 a5 0-1

[Event "Oberliga Ost-B 1718"]
[Site "Germany"]
[Date "2017.11.12"]
[Round "3.4"]
[White "Hebbering, Tom Elliot"]
[Black "Dorst, Johannes"]
[Result "0-1"]
[WhiteElo "2181"]
[BlackElo "2207"]
[PlyCount "164"]
[EventDate "2017.10.22"]
[EventType "team-tourn"]
[EventRounds "11"]
[EventCountry "GER"]
[SourceTitle "EXT 2019"]
[Source "ChessBase"]
[SourceDate "2018.10.10"]
[SourceVersion "1"]
[SourceVersionDate "2018.10.10"]
[SourceQuality "1"]
[WhiteTeam "Gernsheim"]
[BlackTeam "Marburg"]
[WhiteTeamCountry "GER"]
[BlackTeamCountry "GER"]

1. d4 Nf6 2. c4 c5 3. d5 b5 4. cxb5 a6 5. bxa6 g6 6. Nc3 Bg7 7. e4 0-0 8. Nf3 Qa5 9. Bd2 Bxa6 10. Be2 d6 11. 0-0 Nbd7 12. Bxa6 Qxa6 13. Qc2 Rfb8 14. h3 Rb7 15. Rfe1 c4 16. Be3 Qa5 17. Rab1 Nc5 18. Nd4 Nd3 19. Red1 Qa6 20. Qd2 Nd7 21. Nc6 N7e5 22. Nxe5 Bxe5 23. b3 cxb3 24. Rxb3 Rxb3 25. axb3 Nc5 26. Bxc5 dxc5 27. Ne2 c4 28. f4 Bd6 29. bxc4 Qxc4 30. Qd3 Qc5+ 31. Qd4 Qxd4+ 32. Nxd4 Bxf4 33. Nf3 f6 34. Re1 Bg3 35. Rd1 Ra4 36. Nd4 Kf7 37. Kf1 Be5 38. Nc6 Rxe4 39. Nxe5+ fxe5 40. d6 exd6 41. Rxd6 h5 42. Ra6 Rf4+ 43. Ke2 Rf6 44. Ra4 Rd6 45. Ke3 Kf6 46. Ra8 Rb6 47. Rf8+ Kg5 48. g3 Rb3+ 49. Kf2 h4 50. gxh4+ Kxh4 51. Rh8+ Kg5 52. Ke2 Kf5 53. Kf2 g5 54. h4 Rb2+ 55. Ke3 Rb3+ 56. Kf2 g4 57. Rf8+ Ke4 58. Rg8 Rf3+ 59. Ke2 Kf4 60. h5 Kg3 61. h6 Rf2+ 62. Ke3 Rh2 63. Rg6 Rh5 64. Ke2 Rh4 65. Ke3 Rh1 66. Ke4 Rh5 67. Ke3 Kh3 68. Kf2 Rh4 69. Rg5 Rxh6 70. Rxe5 Kh2 71. Rg5 Rf6+ 72. Ke2 g3 73. Rg8 Kg2 74. Rg7 Re6+ 75. Kd2 Kf2 76. Rf7+ Kg1 77. Rg7 g2 78. Rg8 Re5 79. Rg7 Kf2 80. Rf7+ Kg3 81. Rg7+ Kf3 82. Kd1 Re4 0-1

[Event "Oberliga Ost-B 1718"]
[Site "Germany"]
[Date "2017.10.22"]
[Round "1.4"]
[White "Hebbering, Tom Elliot"]
[Black "Ress, Tamas"]
[Result "1/2-1/2"]
[WhiteElo "2181"]
[BlackElo "2314"]
[PlyCount "155"]
[EventDate "2017.10.22"]
[EventType "team-tourn"]
[EventRounds "11"]
[EventCountry "GER"]
[SourceTitle "EXT 2019"]
[Source "ChessBase"]
[SourceDate "2018.10.10"]
[SourceVersion "1"]
[SourceVersionDate "2018.10.10"]
[SourceQuality "1"]
[WhiteTeam "Gernsheim"]
[BlackTeam "Wiesbaden"]
[WhiteTeamCountry "GER"]
[BlackTeamCountry "GER"]

1. d4 f5 2. g3 Nf6 3. Bg2 g6 4. Nf3 Bg7 5. b3 c5 6. e3 0-0 7. 0-0 Ne4 8. Bb2 Nc6 9. Nbd2 d5 10. Ne5 Nxe5 11. dxe5 Nxd2 12. Qxd2 e6 13. Rfd1 Qc7 14. f4 c4 15. Ba3 Rd8 16. Bd6 Qc6 17. c3 cxb3 18. Rac1 b2 19. Qxb2 b5 20. Qb4 a5 21. Qc5 Qxc5 22. Bxc5 Bd7 23. Rb1 Rdc8 24. Bd4 Bf8 25. Bf1 Rab8 26. Rd2 Ba3 27. Kf2 Kf7 28. Be2 Rc7 29. h3 Rbc8 30. Bxb5 Rb8 31. Bd3 Rxb1 32. Bxb1 Rb7 33. Bd3 Ba4 34. Ke1 Rb8 35. g4 Bb5 36. Bxb5 Rxb5 37. Rc2 Rb1+ 38. Kf2 Rh1 39. Kg2 Rd1 40. Kf3 Rh1 41. Kg2 Rd1 42. Kf3 Rh1 43. gxf5 gxf5 44. c4 dxc4 45. Rxc4 Rxh3+ 46. Kg2 Rh6 47. Ra4 Bb4 48. a3 Bd2 49. Rc4 Rg6+ 50. Kf2 a4 51. Rxa4 h5 52. Ra7+ Kg8 53. Rb7 h4 54. Rb1 Kh7 55. Rh1 Rg4 56. Bb6 Kh6 57. Bd8 Kh5 58. a4 Bb4 59. a5 Bc5 60. a6 Rxf4+ 61. Ke2 Ra4 62. Kd3 Rxa6 63. Rxh4+ Kg6 64. e4 Ra3+ 65. Kc4 Bf2 66. Rh2 Bg3 67. exf5+ Kxf5 68. Rh5+ Ke4 69. Bf6 Rd3 70. Rg5 Bf4 71. Rg4 Rd4+ 72. Kc3 Rd5 73. Bg5 Kf5 74. Rxf4+ Kxg5 75. Rf8 Kg4 76. Kc2 Rxe5 77. Kd3 Rf5 78. Re8 1/2-1/2

[Event "Rhein Main op-A 20th"]
[Site "Bad Homburg"]
[Date "2017.06.17"]
[Round "6"]
[White "Hebbering, Tom Elliot"]
[Black "Rosenberger, Frank"]
[Result "1-0"]
[WhiteElo "2177"]
[BlackElo "2093"]
[PlyCount "117"]
[EventDate "2017.06.14"]
[EventType "swiss"]
[EventRounds "7"]
[EventCountry "GER"]
[SourceTitle "EXT 2018"]
[Source "ChessBase"]
[SourceDate "2017.10.13"]
[SourceVersion "1"]
[SourceVersionDate "2017.10.13"]
[SourceQuality "1"]

1. d4 d5 2. c4 e6 3. Nf3 c6 4. e3 Nf6 5. b3 Nbd7 6. Bb2 Ne4 7. Bd3 f5 8. 0-0 Bd6 9. Ba3 Bxa3 10. Nxa3 Qf6 11. Nd2 0-0 12. f3 Nxd2 13. Qxd2 e5 14. cxd5 cxd5 15. dxe5 Qxe5 16. Rad1 Nf6 17. Bb1 Re8 18. Rfe1 Bd7 19. Nc2 g6 20. Nb4 Bc6 21. Nd3 Qc7 22. Nf4 Qb6 23. Qd4 Qxd4 24. Rxd4 Re7 25. Kf2 Rae8 26. h4 Kg7 27. Bc2 h6 28. Rdd1 a5 29. a3 Ra8 30. Rd4 Rae8 31. Rdd1 Ra8 32. Bb1 Rae8 33. Rc1 Kf7 34. Rc5 d4 35. h5 dxe3+ 36. Kg1 Re5 37. Rxe5 Rxe5 38. Nxg6 Re8 39. Nf4 Re5 40. Bd3 b5 41. b4 axb4 42. axb4 Bd7 43. Kf1 Kg7 44. Ke2 Be8 45. Rh1 Bf7 46. g3 Be8 47. Rc1 Nxh5 48. Nxh5+ Bxh5 49. Rc5 Kf6 50. Rxb5 Rxb5 51. Bxb5 f4 52. gxf4 Ke6 53. Bc6 Kd6 54. b5 Bf7 55. Kxe3 Bc4 56. f5 h5 57. Kf4 Bf7 58. Kg5 Kc5 59. Bd7 1-0

[Event "Rhein Main op-A 20th"]
[Site "Bad Homburg"]
[Date "2017.06.16"]
[Round "4"]
[White "Hebbering, Tom Elliot"]
[Black "Stork, Oliver"]
[Result "1-0"]
[WhiteElo "2177"]
[BlackElo "2012"]
[PlyCount "121"]
[EventDate "2017.06.14"]
[EventType "swiss"]
[EventRounds "7"]
[EventCountry "GER"]
[SourceTitle "EXT 2018"]
[Source "ChessBase"]
[SourceDate "2017.10.13"]
[SourceVersion "1"]
[SourceVersionDate "2017.10.13"]
[SourceQuality "1"]

1. d4 Nf6 2. c4 e6 3. Nf3 d5 4. g3 Be7 5. Bg2 0-0 6. 0-0 c6 7. Qc2 b6 8. Nbd2 Nbd7 9. e4 dxc4 10. Nxc4 Ba6 11. Rd1 Bxc4 12. Qxc4 Nxe4 13. Qxc6 Ndf6 14. Qa4 Qe8 15. Qxe8 Raxe8 16. Ne5 Rd8 17. Bf4 Rfe8 18. Rac1 g5 19. Be3 Rc8 20. Nc6 Rc7 21. f3 Nd5 22. Nxe7+ Rexe7 23. Rxc7 Rxc7 24. Bc1 Nd6 25. Bxg5 Rc2 26. Rd2 Rc1+ 27. Kf2 f6 28. Bh3 f5 29. Re2 Rb1 30. Rxe6 Rxb2+ 31. Re2 Rxe2+ 32. Kxe2 Nc3+ 33. Kd3 Nxa2 34. Be7 Nb5 35. Bxf5 Kf7 36. Bg5 a5 37. Bd2 h5 38. Bd7 Nd6 39. Ba4 Kf6 40. Bb3 Nb4+ 41. Bxb4 axb4 42. Bd5 h4 43. Be4 Kg5 44. d5 h3 45. Kd4 Kf6 46. Bd3 b3 47. Kc3 Ke5 48. Kxb3 Kxd5 49. Kc3 b5 50. Bf1 Kc5 51. Bxh3 b4+ 52. Kd3 b3 53. Be6 b2 54. Kc2 Kd4 55. h4 Ke3 56. h5 Ne8 57. h6 Nf6 58. Bd5 Nh7 59. Be4 Nf8 60. g4 Kf4 61. h7 1-0

[Event "Rhein Main op-A 20th"]
[Site "Bad Homburg"]
[Date "2017.06.15"]
[Round "2"]
[White "Hebbering, Tom Elliot"]
[Black "Kuhn, Gerhard"]
[Result "1-0"]
[WhiteElo "2177"]
[BlackElo "2017"]
[PlyCount "55"]
[EventDate "2017.06.14"]
[EventType "swiss"]
[EventRounds "7"]
[EventCountry "GER"]
[SourceTitle "EXT 2018"]
[Source "ChessBase"]
[SourceDate "2017.10.13"]
[SourceVersion "1"]
[SourceVersionDate "2017.10.13"]
[SourceQuality "1"]

1. d4 Nf6 2. c4 g6 3. Nc3 d5 4. Nf3 Bg7 5. h4 dxc4 6. e4 c5 7. d5 e6 8. d6 Nc6 9. Bxc4 0-0 10. Be3 Qa5 11. Qd2 a6 12. h5 b5 13. hxg6 bxc4 14. Bh6 fxg6 15. Bxg7 Kxg7 16. Qh6+ Kg8 17. e5 Nh5 18. d7 Rxf3 19. dxc8Q+ Rxc8 20. gxf3 Nxe5 21. Rxh5 Nxf3+ 22. Kf1 Qc7 23. Rh3 Rf8 24. Qe3 Qf7 25. Rxf3 Qxf3 26. Qxf3 Rxf3 27. Re1 Kf7 28. Re4 1-0

[Event "Hofheim Spring op-A 5th"]
[Site "Hofheim"]
[Date "2017.04.11"]
[Round "8"]
[White "Hebbering, Tom Elliot"]
[Black "Satyapragyan, Swayangsu"]
[Result "1/2-1/2"]
[WhiteElo "2126"]
[BlackElo "2426"]
[PlyCount "92"]
[EventDate "2017.04.07"]
[EventType "swiss"]
[EventRounds "9"]
[EventCountry "GER"]
[SourceTitle "EXT 2018"]
[Source "ChessBase"]
[SourceDate "2017.10.13"]
[SourceVersion "1"]
[SourceVersionDate "2017.10.13"]
[SourceQuality "1"]

1. d4 Nf6 2. c4 e6 3. g3 c5 4. d5 exd5 5. cxd5 d6 6. Nc3 g6 7. Bg2 Bg7 8. Nf3 0-0 9. 0-0 Re8 10. Bf4 a6 11. a4 b6 12. Re1 Nh5 13. Bg5 Qc7 14. e4 h6 15. Be3 Nd7 16. h3 Rb8 17. Rc1 Nhf6 18. Qd2 Kh7 19. b4 Bb7 20. a5 bxa5 21. bxc5 Nxc5 22. e5 Nb3 23. Qc2 Nxc1 24. exf6 Bxf6 25. Rxc1 Qxc3 26. Qxc3 Bxc3 27. Rxc3 Bxd5 28. Ng5+ hxg5 29. Bxd5 Rec8 30. Ra3 Kg8 31. Rxa5 Rb5 32. Rxb5 axb5 33. Kf1 Kg7 34. Ke2 f6 35. Kd3 Kf8 36. Bb7 Rc7 37. Ba6 Rh7 38. Bxb5 Rxh3 39. Kd4 Rh1 40. Be2 Ke7 41. Bd3 Rd1 42. Kc3 Kf7 43. Bc2 Ra1 44. Kb4 Kg7 45. Bb3 Rb1 46. Kc4 Rb2 1/2-1/2

[Event "Staufer op 29th"]
[Site "Schwaebisch Gmuend"]
[Date "2017.01.02"]
[Round "1"]
[White "Womacka, Mathias"]
[Black "Hebbering, Tom Elliot"]
[Result "1-0"]
[WhiteElo "2435"]
[BlackElo "2153"]
[PlyCount "113"]
[EventDate "2017.01.02"]
[EventType "swiss"]
[EventRounds "9"]
[EventCountry "GER"]
[SourceTitle "CBM 176 Extra"]
[Source "ChessBase"]
[SourceDate "2017.03.02"]
[SourceVersion "1"]
[SourceVersionDate "2017.03.02"]
[SourceQuality "1"]

1. e4 e5 2. Nf3 Nc6 3. Bb5 Nge7 4. Nc3 g6 5. d4 exd4 6. Nd5 Bg7 7. Bg5 h6 8. Bf6 Bxf6 9. Nxf6+ Kf8 10. 0-0 d6 11. Nxd4 Kg7 12. Nd5 Nxd5 13. Nxc6 bxc6 14. Bxc6 Nb6 15. Bxa8 Nxa8 16. Qd4+ Kh7 17. Qxa7 Nb6 18. a4 Be6 19. a5 Nd7 20. a6 Nb6 21. Qb7 Qc8 22. Qxc8 Bxc8 23. Rfe1 Re8 24. Re3 Kg7 25. Rc3 Re7 26. f3 Kf8 27. Ra5 Ke8 28. Rb3 Kd7 29. a7 Bb7 30. Rxb6 cxb6 31. a8Q Bxa8 32. Rxa8 Kc6 33. Rc8+ Kd7 34. Rb8 Kc7 35. Rf8 Kc6 36. Rc8+ Kd7 37. Rb8 Kc7 38. Rf8 Kc6 39. c4 Rc7 40. b4 b5 41. cxb5+ Kxb5 42. Rb8+ Kc4 43. g4 d5 44. exd5 Kxd5 45. Kf2 Rc3 46. h4 Ke6 47. Re8+ Kf6 48. Re3 Rc2+ 49. Re2 Rc3 50. Rb2 Ke5 51. b5 Rc7 52. b6 Rb7 53. Ke3 f6 54. h5 g5 55. Rb5+ Kd6 56. Ke4 Ke6 57. Rb3 1-0